| 000 | 01876nam a2200301 i 4500 | ||
|---|---|---|---|
| 001 | 193990 | ||
| 003 | SpMaBN | ||
| 005 | 20250518063241.0 | ||
| 008 | 240209s2023 sp | |||| 000 spa | ||
| 015 | _aMON23 | ||
| 017 |
_aM 28726-2023 _bOficina Depósito Legal Madrid |
||
| 020 | _a9788430989188 | ||
| 040 |
_aSpMaBN _bspa _cSpMaBN _erda |
||
| 245 |
_aEl futuro de la Cuba postrevolucionaria / _cSusanne Gratius, Matías Mongan (coordinadores). |
||
| 260 |
_aMadrid : _bEditorial Tecnos, _c2023 |
||
| 300 |
_a343 pág. ; _c23 cm |
||
| 336 |
_aTexto _2rdacontent |
||
| 337 |
_asin mediación _2rdamedia |
||
| 338 |
_avolumen _2rdacarrier |
||
| 520 | _aDesde 2018, cuándo Miguel Díaz-Canel asumió la presidencia para sustituir a Raúl Castro, Cuba ha entrado en la postrevolución. El cambio generacional y el fin del Castrismo marca un antes y despues en la Isla. Las protestas ciudadanas del 11 de julio de 2021 señalaron una creciente "latinoamericanización" de Cuba y el fin de los logros sociales de la Revolución que está entrando en su última fase. No obstante, la transición democrática sigue bloqueada, entre otros por el longevo embargo de EE.UU. Este libro, escrito por un grupo de autores y autoras de Europa y Cuba, analiza, desde un enfoque multidisciplinar, la situación política, económica, social e internacional de la Isla para desarrollar y discutir diferentes escenarios de futuro. | ||
| 651 | 4 |
_98094 _aCuba- _xHistoria |
|
| 852 |
_aES-MaACL _bR.155009 _cDEPOJ _jN-9790 _xEncuadernación rústica con solapas _hDonación: Editorial _9205562 |
||
| 942 |
_cMONOGRAFIA _n0 |
||
| 999 |
_c193990 _d193990 |
||